000 00415nam a2200145 a 4500
001 838
003 CDMR
005 20130312181449.0
008 130130s1973||||||||||||||||||||||||||||d
040 _aCDMR
_bcat
_cCDMR
100 1 _aCollelldemont y Oliva, José
_9660
245 1 3 _aEl Día Gráfico
_b: estudio aproximativo de un diario barcelonés
_cJosé Colleldemont y Oliva
260 _aBarcelona
_c1973
942 _cTSN
_2udc
999 _c838
_d838